Slovak cities by coats of arms - Statistics

General Stats
  • This quiz has been taken 8 times
  • The average score is 8 of 16
Answer Stats
Picture Answer % Correct
Nitra
100%
Bratislava
88%
Košice
88%
Trenčín
63%
Žilina
63%
Banská Štiavnica
50%
Poprad
50%
Komárno
38%
Malacky
38%
Pezinok
38%
Senec
38%
Modra
25%
Námestovo
25%
Piešťany
25%
Skalica
25%
Senica
13%
No matching quizzes found
Score Distribution
Percent of People with Each Score
Percentile by Number Answered
Your Score History
You have not taken this quiz